000 00824cam a2200253 4500
001 6055
010 _a972481632X
090 _a6055
100 _a20211231d1992 c||y0pory5003 ba
200 1 _aO Sol vermelho
_fcontado por Bruno de La Salle
_gtrad. Maria Manuel Ortigão de Oliveira
_gil. Gaetan Evrard, Nicole Thenen
210 9 _aPorto
_cLello & Irmão,
_dimp. 1992
215 _a27, [2] p.
_cil.
_d25 cm
225 2 _aContos de sempre
606 _914
_aLiteratura infantil
606 _913
_aLiteratura Estrangeira
675 _a82-93
_vBN
_zpor
675 _a821.1/.8
_vBN
_zpor
700 _aLa Salle
_bBruno de
_95741
702 _aOliveira
_bMaria Manuel Ortigão de
_95154
702 _aEvrard
_bGaetan
_f1959-
_95757
702 _aThenen
_bNicole
_95758
801 0 _aPT
_bBMVN
_gRPC
830 _cAna Caetano
_d31/12/2021
990 _cLIVROS